NBA Teams With the Highest Postseason Win Percentage Since 2000 - Statistics

General Stats
  • This quiz has been taken 45 times
  • The average score is 4 of 5
Answer Stats
% Team % Correct
.610 Los Angeles Lakers
100%
.667 Golden State Warriors
94%
.612 Cleveland Cavaliers
86%
.578 Miami Heat
86%
.585 San Antonio Spurs
81%
No matching quizzes found
Score Distribution
Percent of People with Each Score
Percentile by Number Answered
Your Score History
You have not taken this quiz